INDELIBLE FOOD PRINTS ON THE SANDS OF TIME (Record no. 19616)

MARC details
000 -LEADER
fixed length control field 00331nam a22001457a 4500
003 - CONTROL NUMBER IDENTIFIER
control field SGT
082 ## - DEWEY DECIMAL CLASSIFICATION NUMBER
Classification number 610
Item number I17T
100 ## - MAIN ENTRY--PERSONAL NAME
Personal name TATA MEMORIAL CENTER
245 ## - TITLE STATEMENT
Title INDELIBLE FOOD PRINTS ON THE SANDS OF TIME
250 ## - EDITION STATEMENT
Edition statement 1SH
260 ## - PUBLICATION, DISTRIBUTION, ETC. (IMPRINT)
Place of publication, distribution, etc INDIA
Name of publisher, distributor, etc TATA MEMORIAL CENTER
Year of Publication 2017
300 ## - PAGE DESCRIPTION
No. of Pages 309
650 ## - SUBJECT ADDED ENTRY--TOPICAL TERM
Topical term or geographic name as entry element OTHER
942 ## - ADDED ENTRY ELEMENTS (KOHA)
Source of classification or shelving scheme Dewey Decimal Classification
Koha item type Books
Holdings
Withdrawn status Lost status Source of classification or shelving scheme Damaged status Not for loan Collection code Home library Current library Shelving location Date acquired SGTU Total Checkouts Full call number Accession No. (Barcode) Date last seen Bill Date Koha item type
    Dewey Decimal Classification     MEDICAL SGT Medical Library SGT Medical Library Reference Book 30/12/2019 SGTU   610 I17T FM11854 30/12/2019 30/12/2019 Books